000 00630nam a2200265Ia 4500
005 20260306153423.0
008 008 260114s9999 xx 000 0 eng d
020 _a9788175968677
037 _aEBOOK
040 _aCRL
040 _beng
040 _cCRL
041 _2eng
041 _aeng
084 _qCRL
100 _aKumar/Sreehari
_91125439
245 2 _aA Handbook for English Language Laboratories
250 _a1st ed
260 _bFoundation Books
260 _c2011
650 _aLinguistics
856 _uhttps://doi.org/10.1017/UPO9788175968677
942 _cEBOOK
999 _c1703412
_d1703412